00768nam a2200205Ia 4500003000900000008004100009020001800050040001600068080002300084111007600107245017600183260003700359300001000396490005100406650001500457650002600472650002100498700002300519700002000542IN-BaIIA211028s9999 xx 000 0 eng d a0-7923-6822-4 cIIA Library a52(082.1)bASS-263 aInternational Symposium on SupercomputingcTokyo, Japand1997 Sept. 1-3 0aNew horizons of computational sciencebproceedings of the International symposium on supercomputing Tokyo, Japan, September 1-3, 1997cedited by T. Ebisuzaki and J. Makino aDordrechtbKluwer Academicc2001 a312p. aAstrophysics and space science library; v. 263 aBiophysics aComputational science aStellar dynamics aEbisuzaki, T., ed. aMakino, J., ed.